| 000 | 00670nam a2200205Ia 4500 | ||
|---|---|---|---|
| 003 | OSt | ||
| 005 | 20250409113226.0 | ||
| 008 | 210210b2004 xxu||||| |||| 00| 0 eng d | ||
| 040 | _cAL | ||
| 041 | _aKannada | ||
| 082 | _a039.4K KUVK | ||
| 100 |
_aKANNADA ADHYAYANA SAMSTE _987549 _dಕನ್ನಡ ಅಧ್ಯಯನ ಸಂಸ್ಥೆ |
||
| 245 |
_aKannada vishvakosha: Samputa 14 _bಕನ್ನಡ ವಿಶ್ವಕೋಶ : ಸಂಪುಟ ೧೪ |
||
| 260 |
_aMaisuru _bKuvempu Kannada Adyayana Samsthe, Mysore Vishvavidyanilaya., _c2004 |
||
| 300 | _axi-1259 | ||
| 440 |
_a14 _987550 |
||
| 690 |
_aEncyclopaedia _987551 |
||
| 906 | _a063297 | ||
| 942 |
_2ddc _cBK |
||
| 999 |
_c136846 _d136846 |
||